La entrada a los espacios confinados : investigación /

Exposición de medidas de seguridad para la ejecución de trabajos en espacios confinados, a partir del análisis de dos casos que concluyeron con las muertes de algunos de los trabajadores implicados. Los espacios confinados se caracterizan por presentar una abertura que sirve de ingreso y de salida d...

Descripció completa

Guardat en:
Dades bibliogràfiques
Format: Diapositiva
Idioma:espanyol
Publicat: Virginia Beach : Coastal, 2004, c2004
Col·lecció:(Serie sobre Los Espacios Cerrados)
Matèries:
Etiquetes: Afegir etiqueta
Sense etiquetes, Sigues el primer a etiquetar aquest registre!

MARC

LEADER 00000ngm^a2200000^a^4500
001 000172926
005 20251020000000.0
009 20260310101437.52
037 |a Acervo ITESO - Biblioteca 
041 |a ESP 
082 |a 620. 86  |b ESP V. 1 
240 1 4 |a [La entrada a los espacios confinados] 
245 0 3 |a La entrada a los espacios confinados :  |b investigación / 
264 4 |a Virginia Beach :  |b Coastal,  |c 2004, c2004 
264 2 |a Monterrey, México :  |b Coastal [distribución],  |c 2004, c2004 
300 |a 1 DVD multirregión (24 min.) :  |b color +  |e 1 hoja 
336 |a imagen móvil bidimensional  |b tdi  |2 rdacontenido 
337 |a video  |b v  |2 rdamedio 
338 |a videodisco  |b vd  |2 rdasoporte 
440 1 |a (Serie sobre Los Espacios Cerrados) 
500 |a Traducción de: Confined Space Entry: Investigation 
520 |a Exposición de medidas de seguridad para la ejecución de trabajos en espacios confinados, a partir del análisis de dos casos que concluyeron con las muertes de algunos de los trabajadores implicados. Los espacios confinados se caracterizan por presentar una abertura que sirve de ingreso y de salida de las personas, con capacidad para un solo sujeto en cada ingreso o salida; no estar diseñados para la ocupación humana permanente y contar con muy poca ventilación. Pozos, silos de granos, compartimientos de barcos, calderas y tuberías son ejemplos de este tipo de espacios. En los casos seleccionados son examinados los hechos, los errores y las medidas que podían haberse tomado para evitar las muertes. 
546 |a Doblaje opcional: español, portugués 
649 |a XX 
650 |a Espacios Pequeños -  |x Tema Principal 
650 |a Riesgos y Accidentes Laborales -  |x Prevención -  |x Tema Principal 
650 |a Formación y Capacitación Laboral 
650 |a Recursos Humanos 
650 |a Seguridad Industrial 
650 |a Ingeniería Industrial 
740 0 |a Confined Space Entry :  |b Investigation 
910 |a Fondo General 
920 |a Audiovisuales - DVDs 
905 |a 308 
901 |a 0500088252  |b IT2  |c DVR  |u 20250521 
901 |a 0500198176  |b IT2  |c MIN  |u 20251020 
902 |a https://opac.biblio.iteso.mx/vufind/Record/000172926